01334nam a2200349Ia 4500001001200000003000800012006001900020007001500039008004100054010001700095020003100112020002800143040002100171035002100192050002600213082001600239100002500255245010800280250001200388260006300400300002500463504006400488533015200552650002500704650001800729650002700747655002900774700002100803710001700824856012600841999001700967ebr10251278CaPaEBRm u cr cn|||||||||060914s2007 ne a sb 001 0 eng d z 2006030554 z9780123704979 (alk. paper) z0123704979 (alk. paper) aCaPaEBRcCaPaEBR a(OCoLC)16257343414aTK7868.D5bH34 2007eb04a621.3812221 aHarris, David Money.10aDigital design and computer architectureh[electronic resource] /cDavid Money Harris, Sarah L. Harris. a1st ed. aAmsterdam ;aBoston :bMorgan Kaufmann Publishers,cc2007. axxii, 569 p. :bill. aIncludes bibliographical references (p. 555-556) and index. aElectronic reproduction.bPalo Alto, Calif. :cebrary,d2009.nAvailable via World Wide Web.nAccess may be limited to ebrary affiliated libraries. 0aDigital electronics. 0aLogic design. 0aComputer architecture. 7aElectronic books.2local1 aHarris, Sarah L.2 aebrary, Inc.40uhttp://site.ebrary.com/lib/rucke/Doc?id=10251278zAn electronic book accessible through the World Wide Web; click to view c35815d35815